000 00459nam a2200157 i 4500
001 142623
003 ES-MaACL
005 20230906200557.0
007 t|
008 071009s1970 sp ||||1| spa d
100 1 _aVilar Checa, Eloisa.
_9114805
245 1 3 _aEl Marqués de Sargadelos y su obra /
_cEloisa Vilar Checa.
260 _a[La Coruña] :
_bEd. del Castro,
_c[1970]
300 _a198 p. :
_bil. ;
_c16 cm.
852 _aES-MaACL
_jC-40851
_bR.74605
999 _c142623
_d142623